Sony Bravia KDL-40S2530

Bibliographic Details
Main Author: Orviský, Peter (Author)
Format: Article
Language:Slovak
PhysicalDescription:Fotogr., tab.
ISSN:1336-5754
Subjects:

MARC

LEADER 00000nab a2200000 ar4500
001 vtls008964170
003 SK-MaSNL
005 20260303070807.0
008 070416c2007 xo |||||||||||000 b|slo
015 |a SNBRB2007/04  |2 snkbucl 
038 |a SNKBUCL 
040 |a SNKBUCL  |b slo  |c SNKBUCL  |e AACR2 
041 0 |a slo 
044 |a xo  |c SK 
080 |a 621.397.446  |2 1997 
100 1 |a Orviský, Peter  |4 aut  |9 18820 
245 1 0 |a Sony Bravia KDL-40S2530  |c Peter Orviský 
300 |a Fotogr., tab. 
650 0 7 |a Sony Bravia KDL-40S2530 (televízny prijímač)  |2 snkbucl  |9 1068705 
650 0 7 |a LCD televízne prijímače  |2 snkbucl  |9 1034300 
773 0 |t DiGi revue  |g Roč. 3, č. 1 (2007), s. 27  |x 1336-5754 
852 |a SNK  |b KIS3GCP 
999 |c 1756967  |d 1758897